We actually saw God : (Record no. 6257)

MARC details
000 -LEADER
fixed length control field 00702nam a2200229 i 4500
001 - CONTROL NUMBER
control field 1810144
003 - CONTROL NUMBER IDENTIFIER
control field GBCCL
005 - DATE AND TIME OF LATEST TRANSACTION
control field 20241126110559.0
008 - FIXED-LENGTH DATA ELEMENTS--GENERAL INFORMATION
fixed length control field 790625s1979 azu 000 0 eng
010 ## -
-- 79050379
020 ## - INTERNATIONAL STANDARD BOOK NUMBER
Terms of availability $1.95
040 ## - CATALOGING SOURCE
Original cataloging agency DLC
Transcribing agency DLC
Modifying agency DLC
050 10 -
-- BS550.2
-- .H53
082 ## - DEWEY DECIMAL CLASSIFICATION NUMBER
Classification number 220.9505
Item number HIL
100 1# - MAIN ENTRY--PERSONAL NAME
Personal name Hillis, Don W.
9 (RLIN) 9517
245 10 - TITLE STATEMENT
Title We actually saw God :
Remainder of title true-life accounts of people who saw God in the strangest places /
Statement of responsibility, etc. Don W. Hillis
260 ## - PUBLICATION, DISTRIBUTION, ETC.
Place of publication, distribution, etc. Scottsdale, Ariz. :
Name of publisher, distributor, etc. Good Life Productions,
Date of publication, distribution, etc. c1979.
300 ## - PHYSICAL DESCRIPTION
Extent 85 p. ;
Dimensions 18 cm.
650 #0 - SUBJECT ADDED ENTRY--TOPICAL TERM
Topical term or geographic name entry element Bible stories, English.
9 (RLIN) 1346
906 ## - LOCAL DATA ELEMENT F, LDF (RLIN)
a 7
b cbc
c orignew
d 2
e ocip
f 19
g y-gencatlg
942 ## - ADDED ENTRY ELEMENTS (KOHA)
Source of classification or shelving scheme Dewey Decimal Classification
Koha item type Books
Koha issues (borrowed), all copies 1
Holdings
Withdrawn status Lost status Source of classification or shelving scheme Damaged status Not for loan Home library Current Library Shelving location Date acquired Total checkouts Full call number Barcode Date last seen Date last checked out Copy number Price effective from Koha item type
    Dewey Decimal Classification     GRACE BIBLE COLLEGE GRACE BIBLE COLLEGE Biblical Studies 2018-05-04 1 220.9505 HIL 003612 2025-05-01 2020-11-05 c.1 2018-05-04 Books
© Grace Bible College Library 2025